| 000 | 00860nas a2200253Ia 4500 | ||
|---|---|---|---|
| 001 | R012/42599 | ||
| 003 | IT-RoPAU | ||
| 008 | 151124c99999999xx |||||||||||| ||und|| | ||
| 040 | _aIT-RoPAU | ||
| 040 | _cIT-RoPAU | ||
| 041 | _aITALIANO | ||
| 100 |
_aGandini Leonardo _gCodice Aut. SPICS: 21334 |
||
| 210 | _aCINEMA & CINEMA | ||
| 222 | _aCinema & Cinema | ||
| 245 |
_aCINEMA & CINEMA, ANNO 10-N.37 (OTTOBRE-DICEMBRE 1983) _bRacconti Italiani |
||
| 250 | _a1a ed. | ||
| 260 |
_aVENEZIA _bMARSILIO _c1983 |
||
| 501 |
_bPaulus - SPICS - Società San Paolo EM (non-commercial uses only) _cCopyright2015 |
||
| 300 | _a3 p. [74-76] | ||
| 362 | _aANNO 010, N.37 (OTTOBRE-DICEMBRE 1983) | ||
| 500 | _aRiflessioni Sulla Rassegna Cinematografica Veneziana 1983. Note Critiche Sui Film Italiani. | ||
| 650 |
_aCINEMA _vPUBBLICAZIONE PERIODICA |
||
| 942 | _cCR | ||
| 999 |
_c128265 _d128265 |
||